| 000 | 00750nam a2200241 a 4500 | ||
|---|---|---|---|
| 001 | 000021766 | ||
| 005 | 20200930011436.0 | ||
| 008 | 100911s1973 sp a r 000 0 spa d | ||
| 020 | _a8432504947 | ||
| 040 |
_aDO-SdBNP _bspa _cBNPHU |
||
| 082 |
_a153.7 _bA473m |
||
| 100 | 1 |
_aÁlvarez Villar, Alfonso, _945227 |
|
| 245 | 1 | 3 |
_aEl mundo mágico de la percepción / _cAlfonso Álvarez Villar. |
| 260 |
_aMadrid : _bDoncel, _c1973. |
||
| 300 |
_a203, [5] p. : _bil. ; _c18 cm. |
||
| 490 | 1 |
_aLibro Joven de Bolsillo _v49 |
|
| 650 | 4 |
_aPercepción _935121 |
|
| 650 | 4 |
_aPercepción auditiva _945228 |
|
| 650 | 4 |
_aPercepción del habla _945229 |
|
| 650 | 4 |
_aPercepción visual _945230 |
|
| 830 | 0 |
_aLibro Joven de Bolsillo ; _v49 _913001 |
|
| 049 | _aBNGR | ||
| 999 |
_c21265 _d21265 |
||